Zabijaci hospodárskeho rastu
História pádu socializmu v roku 1989. Reštrukturalizácia socialistickej ekonomiky na kapitalistickú. Finančné špekulácie niektorých investičných spoločností. Rozpočtové deficity verejných financií a záchranné balíčky národných vlád. Negatívne dôsledky hospodárskej a finančnej krízy. Deflácia a inflá...
Guardado en:
| Autor principal: | |
|---|---|
| Formato: | Capítulo de libro |
| Lenguaje: | eslovaco |
| Materias: | |
| Etiquetas: |
Sin Etiquetas, Sea el primero en etiquetar este registro!
|
MARC
| LEADER | 00000naa$a2200000$$$4500 | ||
|---|---|---|---|
| 001 | 0104530 | ||
| 005 | 20231006123320.8 | ||
| 041 | 0 | |a slo | |
| 044 | |a SK | ||
| 245 | 1 | 0 | |a Zabijaci hospodárskeho rastu |c Róbert Hölcz |
| 520 | |a História pádu socializmu v roku 1989. Reštrukturalizácia socialistickej ekonomiky na kapitalistickú. Finančné špekulácie niektorých investičných spoločností. Rozpočtové deficity verejných financií a záchranné balíčky národných vlád. Negatívne dôsledky hospodárskej a finančnej krízy. Deflácia a inflácia. Spravovanie vecí verejných a zadĺženosť štátu. | ||
| 610 | 2 | 0 | |a história |
| 610 | 2 | 0 | |a socializmus |
| 610 | 2 | 0 | |a reštrukturalizácia |
| 610 | 2 | 0 | |a kapitalizmus |
| 610 | 2 | 0 | |a hospodárstvo trhové |
| 610 | 2 | 0 | |a vzťahy ekonomické |
| 610 | 2 | 0 | |a kríza hospodárska |
| 610 | 2 | 0 | |a kríza finančná |
| 100 | 1 | |a Hölcz, Róbert | |